| 000 | 01163cam a2200301 i 4500 | ||
|---|---|---|---|
| 999 |
_c200449944 _d68156 |
||
| 003 | TR-AnTOB | ||
| 005 | 20221019104049.0 | ||
| 007 | ta | ||
| 008 | 210824s2020 tu 000 0 tur u | ||
| 020 | _a9786050507560 | ||
| 040 |
_aB9K _beng _erda _cB9K _dTR-AnTOB |
||
| 041 | 0 | _atur | |
| 050 | 1 | 0 |
_aKKX1888 _b.K556 2020 |
| 090 |
_aKKX1888 _b.K556 2020 |
||
| 100 | 1 |
_aKılınç, Ayşe _eauthor _9126851 |
|
| 245 | 1 | 0 |
_aİcra takibinde derdestlik / _cDr. Öğr. Üyesi Ayşe Kılınç. |
| 264 | 1 |
_aAnkara : _bYetkin Yayınları, _c2020. |
|
| 264 | 4 | _c©2020 | |
| 300 |
_a216 pages ; _c24 cm |
||
| 336 |
_atext _2rdacontent _btxt |
||
| 337 |
_aunmediated _2rdamedia _bn |
||
| 338 |
_avolume _2rdacarrier _bnc |
||
| 505 | 1 | _aBirinci bölüm: Genel bigiler -- İkinci bölüm: İcra takibinde derdestliğin koşulları -- Üçüncü bölüm: İcra takibinde derdestliğin ileri sürülmesi, niteliği, incelenmesi, sonuçları ve özel durumlar. | |
| 650 | 0 |
_aİcra-iflas hukuku _9115811 _zTürkiye |
|
| 942 |
_2lcc _cBK |
||
| 947 |
_a122669314 _b34338884 _c4 _d7 _eBilkent Universitesi Kutuphaneleri _fBilkent - Merkez _g2022-06-27 12:16:17 |
||